Faktory úspešnosti agrárnych podnikov v SR

Analýza faktorov úspešnosti poľnohospodárskeho podniku s dôrazom na kvalitu riadiacich procesov. Rozhodujúcim faktorom úspešnosti podniku sa stáva podnikový manažment a využívanie vhodných manažérskych postupov a praktík. Rozdelenie do dvoch obôastí - oblasť tvrdých faktorov manažmentu ako sú straté...

Descrizione completa

Salvato in:
Dettagli Bibliografici
Autore principale: Szabo, Ľuboslav
Altri autori: Jankelová, Nadežda, 1966-
Natura: Capitolo di libro
Lingua:slovacco
Soggetti:
Tags: Aggiungi Tag
Nessun Tag, puoi essere il primo ad aggiungerne!!

MARC

LEADER 00000naa$a2200000$$$4500
001 0045406
005 20240502071527.0
041 0 |a slo 
044 |a SK 
245 1 0 |a Faktory úspešnosti agrárnych podnikov v SR  |c Ľuboslav Szabo, Nadežda Jankelová 
520 |a Analýza faktorov úspešnosti poľnohospodárskeho podniku s dôrazom na kvalitu riadiacich procesov. Rozhodujúcim faktorom úspešnosti podniku sa stáva podnikový manažment a využívanie vhodných manažérskych postupov a praktík. Rozdelenie do dvoch obôastí - oblasť tvrdých faktorov manažmentu ako sú stratégia, plánovanie, organizačná štruktúra, financie, rozpočtovníctvo, riadenie výroby, informačné systémy. Druhou je oblasť mäkkých faktorov, týkajúca sa ľudského činiteľa a sociálnych vzťahov v organizácii, ako sú vedenie ľudí, podniková kultúra, kompetentnosť manažérov. Výsledky výskumu. 
610 2 0 |a podnik poľnohospodársky 
610 2 0 |a konkurencieschopnosť 
610 2 0 |a prosperita ekonomická 
610 2 0 |a riadenie strategické 
610 2 0 |a vedenie ľudí 
610 2 0 |a manažment 
610 2 0 |a kompetencie 
610 2 0 |a kultúra podniková 
100 1 |a Szabo, Ľuboslav 
700 1 |a Jankelová, Nadežda, 1966-